|
|
|
|
| LEADER |
00000nab a2200000 ar4500 |
| 001 |
vtls008305663 |
| 003 |
SK-MaSNL |
| 005 |
20260305002228.0 |
| 008 |
160322c20050824xo |||||| | 000 b|hun |
| 015 |
|
|
|a SNBRB2005/09
|2 snkbucl
|
| 038 |
|
|
|a SNKBUCL
|
| 040 |
|
|
|a DSZK
|b slo
|c DSZK
|e AACR2
|
| 041 |
0 |
|
|a hun
|
| 044 |
|
|
|a xo
|c SK
|
| 080 |
|
|
|a 792.071.2:792.82
|2 UDC-MRF-SK2
|
| 080 |
|
|
|a 929 Fuchsová-Lehotská, Ella
|2 UDC-MRF-SK2
|
| 100 |
1 |
|
|a Vojtek, Katalin,
|d 1949-
|4 aut
|9 737115
|
| 245 |
1 |
0 |
|a Egy balerina jubileumára
|b száz éve született a szlovák balettművészet első nemzedékének nagy táncosnője, Ella Fuchsová
|c Vojtek Katalin
|
| 300 |
|
|
|b Fotogr.
|
| 600 |
1 |
7 |
|a Fuchsová-Lehotská, Ella,
|d 1905-1967
|2 snkbucl
|9 164537
|
| 655 |
|
7 |
|a profily
|2 snkbucl
|9 341977
|
| 773 |
0 |
|
|t Új szó
|g Évf. 58, sz. 197 (24.8.2005), o. 8
|
| 852 |
|
|
|a SNK
|b KIS3GCP
|
| 852 |
|
|
|a DSZK
|b KIS3GCP
|
| 958 |
|
|
|a HU
|
| 958 |
|
|
|a BX
|
| 999 |
|
|
|c 3224549
|d 3226479
|